[Event "19th EUR-ch (w)"]
[Site "Vysoke Tatry SVK"]
[Date "2018.04.19"]
[Round "11"]
[White "Zimina, Olga"]
[Black "Balajayeva, Khanim"]
[Result "1/2-1/2"]
[WhiteElo "2414"]
[BlackElo "2348"]
[EventDate "2018.04.08"]
[PlyCount "270"]

1.c4 e6 2.g3 d5 3.Bg2 dxc4 4.Qa4+ Nd7 5.Qxc4 a6 6.Qb3 Ngf6 7.d3 Be7 8.Nf3 
O-O 9.O-O c5 10.a4 Qc7 11.a5 Rb8 12.Nbd2 b5 13.axb6 Nxb6 14.Nc4 Nxc4 15.
Qxc4 Rb4 16.Qc2 Bb7 17.e4 Rd8 18.Bd2 Rb5 19.Rfc1 Qb6 20.Ra2 Nd7 21.Bc3 Bf6
22.Nd2 Bxc3 23.Nc4 Qc7 24.Qxc3 Nb6 25.Na5 Qb8 26.Nxb7 Qxb7 27.Qa3 Nd7 28.
Bf1 Rb6 29.Qc3 Rb3 30.Qa5 Qb6 31.Qxb6 Rxb6 32.f4 f6 33.Rca1 Ra8 34.Kf2 
Rab8 35.Ke3 Rxb2 36.Rxb2 Rxb2 37.Rxa6 Rxh2 38.Rxe6 Kf7 39.Rc6 g5 40.Be2 h5
41.Bd1 Rh3 42.Kf2 gxf4 43.gxf4 Rxd3 44.Bxh5+ Ke7 45.Bg4 Rd6 46.Rc8 Nf8 47.
Rc7+ Nd7 48.Rc8 Nf8 49.Rxc5 Ne6 50.Bxe6 Kxe6 51.f5+ Ke7 52.Rc7+ Ke8 53.Ke3
Rd1 54.Ra7 Kf8 55.Ra4 Ke7 56.Ra7+ Kf8 57.Ra3 Ke7 58.Kf4 Rf1+ 59.Rf3 Re1 
60.Rh3 Rf1+ 61.Ke3 Re1+ 62.Kd4 Rd1+ 63.Rd3 Ra1 64.Rb3 Rd1+ 65.Kc3 Re1 66.
Rb7+ Ke8 67.Kd4 Rd1+ 68.Kc5 Kf8 69.Rb6 Ke7 70.Re6+ Kf7 71.Rd6 Rc1+ 72.Kd5 
Ke7 73.Re6+ Kf7 74.Rc6 Rd1+ 75.Kc5 Rd2 76.Rc7+ Ke8 77.Ra7 Rd1 78.Ra6 Ke7 
79.Re6+ Kf7 80.Kc6 Rd4 81.Kc7 Rc4+ 82.Kd6 Rd4+ 83.Kc5 Rd1 84.Rd6 Rc1+ 85.
Kd5 Rd1+ 86.Kc6 Rc1+ 87.Kd7 Rc4 88.Re6 Rd4+ 89.Kc6 Rd1 90.Kc5 Rc1+ 91.Kd4 
Rd1+ 92.Ke3 Re1+ 93.Kf2 Rc1 94.Ra6 Ke7 95.Ra7+ Kf8 96.Kf3 Re1 97.Kf4 Re2 
98.Kg4 Rxe4+ 99.Kh5 Rb4 100.Kg6 Rc4 101.Ra6 Rb4 102.Rxf6+ Kg8 103.Re6 Rg4+
104.Kf6 Ra4 105.Re8+ Kh7 106.Kf7 Ra7+ 107.Re7 Ra8 108.f6 Rb8 109.Re8 Rb7+ 
110.Ke6 Rb6+ 111.Kf5 Rb5+ 112.Re5 Rb1 113.Re8 Rb5+ 114.Ke6 Rb6+ 115.Kf7 
Rb7+ 116.Re7 Rb8 117.Re6 Ra8 118.Re7 Rb8 119.Ra7 Kh6 120.Ke6 Rb6+ 121.Ke7 
Rb8 122.Kf7 Kh7 123.Rd7 Ra8 124.Rd6 Ra7+ 125.Kf8 Ra8+ 126.Kf7 Ra7+ 127.Kf8
Ra8+ 128.Ke7 Kg8 129.Rd1 Ra7+ 130.Ke6 Ra6+ 131.Kf5 Ra2 132.Rd8+ Kf7 133.
Rd7+ Kf8 134.Rd5 Kf7 135.Rd7+ Kf8 1/2-1/2